000
00327 a2200157 4500
001
175270
020
_a
85-10-03134-7
040
_c
Magnum
100
_a
Sourient, Lilian
240
1
0
_a
Geografia em foco 5
_l
por
245
1
0
_a
Geografia em foco 5
300
_a
159
362
0
_a
2002
697
_a
MISCELÂNEA
942
_c
BK
999
_c
175270
_d
175270